| 000 | 01475 a2200229 4500 | ||
|---|---|---|---|
| 001 | 44005 | ||
| 005 | 20260407155720.0 | ||
| 008 | 260407a2016 arg spa d | ||
| 003 | AR-UNSa-BCEJYS | ||
| 040 |
_aAR-UNSa-BCEJYS _bspa _cAR-UNSa-BCEJYS |
||
| 080 |
_a37.02 _xCuestiones generales de didáctica y metodología |
||
| 245 | 1 | 0 |
_aLeer a comenio _psu tiempo y su didáctica |
| 020 | _a978-950-12-9388-3 | ||
| 264 | 1 |
_aBuenos Aires : _bPaidós _c2016 |
|
| 300 |
_a134 p. _c22 cm. |
||
| 505 | _a1. El tiempo y su obra - 2.Su tiempor: la cultura europea en los siglos XVI y XVII - 3. El mundo cultural de Comenio - 4. La agitada y dramática vida de Comenio - 5. La Didáctica Magna - 6. Las citas en el texto de Comenio - 7. ¿ Dónde se encuentra la sabiduría? - 8. Las metáforas en el texto de Comenio - 9. Las ideas sobre la educación en la Didáctica Magna - 10. Las ideas sobre la disciplina escolar en la Didáctica Magna - 11. Las ideas sobre el método en la Didáctica Magna - 12. Las ideas sobre las clases de escuela en la Didáctica Magna - 13. Sobre las condiciones para comenzar la práctica del método universal - 14. El "giro comeniano" - 14. Cronología de la vida de comenio - 15. Las traducciones de la Didáctica Magna | ||
| 041 | _aspa | ||
| 942 | _cBK | ||
| 590 | _aniveau_biblio:m niveau_hierar:0 | ||
| 100 | 1 | _aCamilloni, Alicia R.W. de | |
| 856 | 4 | 1 |
_uhttps://biblioeco.unsa.edu.ar/pmb/images/libros/L126847.jpg _yImagen de portada _qimage/jpeg |
| 999 |
_c3771 _d3771 |
||